000 00756nam a2200181Ia 4500
008 151018s9999 xx 000 0 und d
082 _bRBASDV31446
_a780
100 _aविष्णू नारायण भातखंडे
245 _aहिंदुस्थानी संगीत पध्दती
250 _b1
260 _bभालचंद्र सुकथनकर
_c1937
300 _a415
600 _aविष्णू नारायण भातखंडे
630 _aहिंदुस्थानी संगीत पध्दती
700 _aविष्णू नारायण भातखंडे
730 _aहिंदुस्थानी संगीत पध्दती
942 _cBOOK
999 _c1030979
_d1030976